| 000 | 00371nam a2200157 i 4500 | ||
|---|---|---|---|
| 001 | bg | ||
| 245 | 0 | _aFiziceskie metody issledovanija tverdogo tela. | |
| 250 | _aVyp. 3. | ||
| 260 |
_aSverdlovsk, _c1979. |
||
| 300 |
_as. 140, nlb. 1 : _brys., tab. |
||
| 040 | _cBPK | ||
| 041 | _apol | ||
| 080 | _a538.9 | ||
| 942 | _cKS | ||
| 008 | s pl f |000 0 pol | ||
| 999 |
_c19538 _d19538 |
||
| 856 |
_uhttp://koha.tu.koszalin.pl/cgi-bin/koha/opac-detail.pl?biblionumber=19538 _yKatalog online BPK |
||